Responses for Show #6996 - Monday, February 2, 2015

2015 Teachers Tournament quarterfinal game 1.

Contestants

[<< previous game]

Colin O'Grady, a high school English teacher from Alexandria, Virginia

Erin McLaughlin, a fifth grade teacher from Queens, New York

Martha Jackson, a high school math teacher from Tabor, Iowa

[next game >>]

Jeopardy! Round responses

"C" YOU AT THE MOVIES
TEXT TALK
IN THE STATE CAPITAL
RECENT NONFICTION
KEEP CALM
CARRY ON
    $200 1
City Slickers

Erin
    $200 11
between the lines

Colin
    $200 6
Albany

Erin
    $200 22
Ulysses

Martha
    $200 16
Pacific

Colin
    $200 21
magazines

Colin
    $400 2
Cleopatra

Martha
    $400 12
in the dark

Colin
    $400 7
Little Rock

Colin
    $400 27
the (Chicago) Cubs

Colin
    $400 18
tranquil

Triple Stumper
    $400 17
Sudoku

Martha
    $600 3
Cool Hand Luke

Colin
    $600 13
a very big grin

Martha
    $600 8
Trenton (New Jersey)

Erin
    $600 28
(Edward) Snowden

Erin
    $600 19
keel

Martha
    $600 23
Tony Bennett

Colin
    $800 4
The Croods

Colin
    $800 14
great minds think alike

Triple Stumper
    $800 9
Raleigh

Martha
    $800 29
(Martha: Who is Ron Howard?)

Garry Marshall

MarthaErin
    $800 20
mellow

Triple Stumper
    $800 24
Thin Mints

Martha
    $1000 5
Calendar Girls

Martha
    $1000 15
(Martha Jackson's students at Fremont-Mills High School: [Chanting] Win the money! [Clap, clap, clap-clap-clap] Mrs. Jackson! [Clap, clap, clap-clap-clap] Win the money! [Clap, clap, clap-clap-clap])

no strings attached

Triple Stumper
    $2,200 10
Frankfort

Martha
    $1000 30
(Erin McLaughlin's students at Bay Ridge Prep: Good luck, Erin, from Bay Ridge Prep! [Cheering])

Benghazi

Colin
    $1000 26
the serenity prayer

Colin
    $1000 25
dry ice

Martha

Scores at the first commercial break (after clue 15):

Martha Erin Colin
$5,000 $1,000 $2,400

Scores at the end of the Jeopardy! Round:

Martha Erin Colin
$7,200 $2,400 $5,800

Double Jeopardy! Round responses

I MYTH YOU
(Alex: Next, we want you to name the hard rock group in...)
HARD ROCKERS
BRITISH NICKNAMES
ORGANIZATIONS
WE LIECH LIECHTENSTEIN!
(Alex: We have trouble spelling.)
STRIKE IT "RICH"
    $400 7
Loki

Colin
    $400 2
Van Halen

Erin
    $400 11
Diana

Martha
    $400 21
a mind

Colin
    $400 24
neutral

Erin
    $400 1
Richmond

Colin
    $800 8
Isis

Colin
    $800 3
Guns N' Roses

Colin
    $800 13
Florence Nightingale

Martha
    $800 22
Science Fiction

Erin
    $800 25
Catholicism

Martha
    $800 12
enrich

Colin
    $1200 9
Dionysus

Colin
    $1200 4
Led Zeppelin

Colin
    $3,000 15
(Colin: Who's George II?)
(Alex: Missed it by one.)

George III

Colin
    $1200 23
4-H

Colin
    $1200 28
German

Colin
    $1200 14
(Alex: You made him sound like a rocker. Richie Lou!)
[laughter]
(Colin: Stick to my strengths.)

Cardinal Richelieu

Colin
    $1600 10
Quetzalcoatl

Triple Stumper
    $1600 5
AC/DC

Colin
    $1600 16
Nelson

Erin
    $4,000 26
(Alex: Say something.)
(Martha: Uh, what is... Burning Man?)
(Alex: No. "What is [*]?")
(Martha: I almost said that.)
(Alex: Oh. Well, you didn't. It cost you.)
(Martha: Oops.)
(Alex: Pick again.)

Sundance

Martha
    $1600 29
franc

Colin
    $1600 18
nouveau riche

Colin
    $2000 20
the Hesperides

Triple Stumper
    $2000 6
(Alex: Yeah, you knew all of those. Way to go.)

Motley Crue

Colin
    $2000 17
(Alex: "When I consider how my light is spent"... darkness. [*].)

John Milton

Triple Stumper
    $2000 27
the National Genealogical Society

Colin
    $2000 30
ebony

Erin
    $2000 19
an ostrich

Triple Stumper

Scores at the end of the Double Jeopardy! Round:

Martha Erin Colin
$5,200 $7,600 $21,200
(lock game)

Final Jeopardy! Round responses

LIBRARIES
(Alex: [To Erin] Who happens to have been our 40th president. That was the significance of the address.)
MarthaWho is G.H.W. Bush?
$4,800
ErinWho is Reagan?
$5,000
ColinWho is Bill Clinton
$0
Ronald Reagan

Final scores:

Martha Erin Colin
$400 $12,600 $21,200
3rd place: $5,000 if eliminated 2nd place: $5,000 if eliminated Automatic semifinalist

Game dynamics:

Coryat scores:

Martha Erin Colin
$8,000 $7,600 $24,200
13 R
(including 1 DD),
2 W
(including 1 DD)
10 R,
0 W
27 R,
1 W
(including 1 DD)

Combined Coryat: $39,800

[game clues] [game scores] [suggest correction]

Game tape date: Unknown
The J! Archive is created by fans, for fans. Scraping, republication, monetization, and malicious use prohibited; this site may use cookies and collect identifying information. See terms. The Jeopardy! game show and all elements thereof, including but not limited to copyright and trademark thereto, are the property of Jeopardy Productions, Inc. and are protected under law. This website is not affiliated with, sponsored by, or operated by Jeopardy Productions, Inc. Join the discussion at JBoard.tv.